BEST Common Themed Answers Quiz Stats

 Plays Quiz not verified by Sporcle

Support Sporcle.
Go Orange.
Score 0/13 Timer 04:00
0 Plays Today
HInt Answer % Correct
What you sit in.Chair
99.1%
Eating UtensilFork
97.2%
Opposite of DownUp
96.3%
What you get when you're caught speeding...Ticket
93.5%
Father, Son, Holy ______Spirit
92.6%
Lbs. is used to measure thisWeight
91.7%
Confessions of a ____aholicShop
86.1%
Something with two eyes, a nose, etc.Face
86.1%
In case of fire, use...Stair
63%
The middle ______. Two gun salute.Finger
53.7%
The Hover-Round is a type of...Wheelchair
38%
What you lose in a storm.Power
34.3%
Word in common with all the words above....Lift
27.8%

You're not logged in!

Compare scores with friends on all Sporcle quizzes.
OR
Log In

From the Vault

Gandalf or Dumbledore?

by wiggytitch

You shall not pass...your O.W.L.s!
Remove Ads.
Support Sporcle.
Get the best of Sporcle when you Go Orange. This ad-free experience offers more features, more stats, and more fun while also helping to support Sporcle. Thank you for becoming a member.

Show Comments

Extras

Created Mar 8, 2011ReportNominate
Tags:common, theme

Top Quizzes Today


Score Distribution

Your Account Isn't Verified!

In order to create a playlist on Sporcle, you need to verify the email address you used during registration. Go to your Sporcle Settings to finish the process.

Report this User

Report this user for behavior that violates our Community Guidelines.

Details: